[Event "GRE-chT 48th"]
[Site "Athens"]
[Date "2021.09.08"]
[Round "2.6"]
[White "Lentzos, Ioanis"]
[Black "Zenelis, Konstantinos"]
[Result "1-0"]
[WhiteElo "2076"]
[BlackElo "2058"]
[PlyCount "75"]
[EventDate "2021.09.07"]
[EventType "team-swiss"]
[EventRounds "7"]
[EventCountry "GRE"]
[SourceTitle "CBM 204 Extra"]
[Source "ChessBase"]
[SourceDate "2021.11.30"]
[SourceVersion "1"]
[SourceVersionDate "2021.11.30"]
[SourceQuality "1"]
[WhiteTeam "Keefysyas"]
[BlackTeam "Papagou"]
[WhiteTeamCountry "GRE"]
[BlackTeamCountry "GRE"]

1. c4 e5 2. Nc3 Nc6 3. Nf3 Nf6 4. e3 Be7 5. d4 exd4 6. Nxd4 0-0 7. Nc2 d6 8. Be2 Re8 9. 0-0 Bf8 10. f3 g6 11. e4 Bg7 12. Be3 Be6 13. Qd2 Nd7 14. Rad1 Nce5 15. b3 f5 16. Nd4 Nf6 17. Nxe6 Rxe6 18. exf5 gxf5 19. Nb5 Nc6 20. Bd3 a6 21. Nd4 Nxd4 22. Bxd4 Ne4 23. Bxe4 fxe4 24. fxe4 Rxe4 25. Bf6 Qe8 26. Qd5+ Qe6 27. Qxb7 Rf8 28. Bxg7 Rxf1+ 29. Rxf1 Kxg7 30. Qxc7+ Kg6 31. Qc6 Re1 32. Qf3 Re2 33. Qg3+ Kh6 34. h3 Rxa2 35. Rf4 Ra5 36. Rh4+ Rh5 37. Qf4+ Kg6 38. Rg4+ 1-0

[Event "GRE-chT Online Rapid op 1st"]
[Site "Tornelo INT"]
[Date "2021.02.21"]
[Round "7.1"]
[White "Stamatiou, Rodolfos"]
[Black "Zenelis, Konstantinos"]
[Result "1-0"]
[WhiteElo "2023"]
[BlackElo "2058"]
[PlyCount "85"]
[EventDate "2021.02.20"]
[EventType "team-swiss (rapid)"]
[EventRounds "9"]
[EventCountry "GRE"]
[SourceTitle "EXT 2023"]
[Source "ChessBase"]
[SourceDate "2022.10.05"]
[SourceVersion "1"]
[SourceVersionDate "2022.10.05"]
[SourceQuality "1"]

1. c4 e5 2. Nc3 Nc6 3. Nf3 g6 4. d4 exd4 5. Nxd4 Bg7 6. Nxc6 bxc6 7. Qd3 Ne7 8. h4 d5 9. h5 Bf5 10. Qf3 Qd7 11. h6 Be5 12. Bf4 Qe6 13. Bxe5 Qxe5 14. g4 Be6 15. 0-0-0 Qg5+ 16. e3 0-0 17. Be2 Qe5 18. Qh3 f5 19. f4 fxg4 20. Bxg4 Bxg4 21. fxe5 Bxh3 22. Rxh3 Rad8 23. cxd5 cxd5 24. Rh4 Rf5 25. Ra4 Rxe5 26. Rxa7 c5 27. Rc7 c4 28. Rxc4 Rxe3 29. Rcd4 Re5 30. a4 Kf7 31. a5 Ke6 32. a6 Ra8 33. Nb5 Kd7 34. Ra4 Nc6 35. Kb1 Rh5 36. Nc3 Ne7 37. b4 Kc6 38. b5+ Kb6 39. Re1 Ra7 40. Re6+ Kc5 41. b6 Rd7 42. b7 Nc6 43. Rxc6+ 1-0

[Event "GRE-chT Online Rapid op 1st"]
[Site "Tornelo INT"]
[Date "2021.02.21"]
[Round "5.2"]
[White "Zenelis, Konstantinos"]
[Black "Tsarsitalidis, Konstantinos"]
[Result "0-1"]
[WhiteElo "2058"]
[BlackElo "1962"]
[PlyCount "68"]
[EventDate "2021.02.20"]
[EventType "team-swiss (rapid)"]
[EventRounds "9"]
[EventCountry "GRE"]
[SourceTitle "EXT 2023"]
[Source "ChessBase"]
[SourceDate "2022.10.05"]
[SourceVersion "1"]
[SourceVersionDate "2022.10.05"]
[SourceQuality "1"]

1. e4 c5 2. Nc3 a6 3. g3 b5 4. Bg2 Bb7 5. d3 e6 6. Nf3 d6 7. 0-0 Be7 8. Be3 Nf6 9. h3 0-0 10. Qd2 Nc6 11. g4 d5 12. exd5 exd5 13. d4 b4 14. Ne2 Ne4 15. Qd1 c4 16. Nd2 Nxd2 17. Qxd2 Qd7 18. Rfe1 Rae8 19. c3 a5 20. Ng3 Bd8 21. Bf4 Re6 22. Nf5 Ne7 23. Ne3 f5 24. cxb4 axb4 25. gxf5 Nxf5 26. Nxf5 Rxe1+ 27. Rxe1 Qxf5 28. Bg3 Bf6 29. Qxb4 Ba8 30. Qd2 h5 31. Qe3 h4 32. Be5 Bg5 33. Qe2 Bc6 34. Qg4 Qxf2+ 0-1

[Event "GRE-chT Online Rapid op 1st"]
[Site "Tornelo INT"]
[Date "2021.02.20"]
[Round "2.8"]
[White "Seferis, Georgios"]
[Black "Zenelis, Konstantinos"]
[Result "1-0"]
[WhiteElo "1714"]
[BlackElo "2058"]
[PlyCount "119"]
[EventDate "2021.02.20"]
[EventType "team-swiss (rapid)"]
[EventRounds "9"]
[EventCountry "GRE"]
[SourceTitle "EXT 2023"]
[Source "ChessBase"]
[SourceDate "2022.10.05"]
[SourceVersion "1"]
[SourceVersionDate "2022.10.05"]
[SourceQuality "1"]

1. d4 d5 2. Nc3 Nf6 3. Bf4 c6 4. e3 Bf5 5. f3 h6 6. g4 Bg6 7. h4 e6 8. Bd3 Bxd3 9. Qxd3 Bd6 10. Nge2 Qe7 11. Bxd6 Qxd6 12. 0-0-0 Nbd7 13. g5 Ng8 14. e4 0-0-0 15. exd5 cxd5 16. Kb1 Ne7 17. Nb5 Qb6 18. Qa3 Qxb5 19. Nc3 Qc6 20. Qxe7 Rhf8 21. Qb4 h5 22. Rd3 Kb8 23. Na4 Rc8 24. Rc3 Qa6 25. Rxc8+ Rxc8 26. Rc1 Rc4 27. Qe7 Qxa4 28. b3 Qb5 29. a4 Qb6 30. Qxd7 Rc7 31. Qd8+ Rc8 32. Qxb6 axb6 33. Kb2 Kc7 34. c4 Kd6 35. f4 g6 36. Ka3 Ra8 37. Kb4 Ra5 38. c5+ Kc6 39. cxb6+ Kxb6 40. Rc8 Ra6 41. Rf8 Kc6 42. Rxf7 Rb6+ 43. Kc3 Kd6 44. Rf6 Rc6+ 45. Kd3 Rc1 46. Rxg6 Rh1 47. f5 Rh3+ 48. Kc2 Rxh4 49. Rxe6+ Kd7 50. Rh6 Rxd4 51. Rxh5 Rg4 52. g6 Ke7 53. Rh7+ Kf6 54. Rf7+ Ke5 55. g7 d4 56. f6 Rg2+ 57. Kd3 Rg3+ 58. Kc4 Rc3+ 59. Kb4 Rg3 60. Rf8 1-0

[Event "GRE-chT Online Rapid op 1st"]
[Site "Tornelo INT"]
[Date "2021.02.20"]
[Round "3.7"]
[White "Zenelis, Konstantinos"]
[Black "Sarantopoulos, Panayiotis"]
[Result "1/2-1/2"]
[WhiteElo "2058"]
[BlackElo "1663"]
[PlyCount "112"]
[EventDate "2021.02.20"]
[EventType "team-swiss (rapid)"]
[EventRounds "9"]
[EventCountry "GRE"]
[SourceTitle "EXT 2023"]
[Source "ChessBase"]
[SourceDate "2022.10.05"]
[SourceVersion "1"]
[SourceVersionDate "2022.10.05"]
[SourceQuality "1"]

1. e4 e5 2. Nf3 Nf6 3. Nxe5 d6 4. Nf3 Nxe4 5. d4 d5 6. Bd3 Be7 7. c4 c6 8. 0-0 0-0 9. Nc3 Nf6 10. Re1 Bg4 11. Be3 Nbd7 12. h3 Bh5 13. cxd5 cxd5 14. Be2 Bd6 15. Qb3 Nb6 16. Bg5 h6 17. Bxf6 Qxf6 18. Nxd5 Nxd5 19. Qxd5 Bxf3 20. Bxf3 Rfd8 21. Qe4 Rac8 22. Rac1 Qf4 23. Qxf4 Bxf4 24. Rxc8 Rxc8 25. g3 Rc1 26. Kf1 Rxe1+ 27. Kxe1 Bc1 28. b3 Bb2 29. d5 Kf8 30. Ke2 Ke7 31. Kd3 Kd6 32. Be4 Ba3 33. f4 Bc5 34. g4 Bf2 35. Bf3 Bg3 36. Ke4 Be1 37. Be2 Bd2 38. Bb5 g5 39. f5 f6 40. Be8 Bc3 41. Bf7 Bb2 42. Kd3 Ba1 43. Kc4 Bb2 44. a4 Bc1 45. Be6 Bd2 46. Kb5 Be3 47. a5 Bf2 48. b4 b6 49. Ka6 bxa5 50. bxa5 Kc7 51. Kb5 Kd6 52. Ka6 Kc7 53. Bf7 Bg1 54. Be8 Bf2 55. Kb5 Kd6 56. Bc6 Bg1 1/2-1/2

[Event "GRE-chT 46th"]
[Site "Rio Achaia"]
[Date "2018.07.13"]
[Round "5.16"]
[White "Zenelis, Konstantinos"]
[Black "Boviatsis, Charalampos1111"]
[Result "0-1"]
[WhiteElo "2036"]
[BlackElo "1979"]
[PlyCount "70"]
[EventDate "2018.07.10"]
[EventType "team"]
[EventRounds "7"]
[EventCountry "GRE"]
[SourceTitle "CBM 185 Extra"]
[Source "ChessBase"]
[SourceDate "2018.07.29"]
[SourceVersion "1"]
[SourceVersionDate "2018.07.29"]
[SourceQuality "1"]
[WhiteTeam "Papagou AS"]
[BlackTeam "Panellinios GA"]
[WhiteTeamCountry "GRE"]
[BlackTeamCountry "GRE"]

1. e4 d6 2. d4 Nf6 3. Nc3 g6 4. Bg5 Bg7 5. Qd2 c6 6. Nf3 b5 7. a3 0-0 8. Be2 a6 9. Rd1 Qc7 10. 0-0 Bb7 11. Bh6 Nbd7 12. Bxg7 Kxg7 13. Qe3 e5 14. Nh4 Rae8 15. f4 exd4 16. Qxd4 c5 17. Qxd6 Qxd6 18. Rxd6 b4 19. axb4 cxb4 20. Na2 Bxe4 21. Bxa6 Rb8 22. Bd3 Nc5 23. Bxe4 Nfxe4 24. Rd4 b3 25. cxb3 Rxb3 26. Nc3 Nxc3 27. bxc3 Rxc3 28. Nf3 Rb8 29. f5 Rb2 30. fxg6 hxg6 31. Ne5 f6 32. Nf3 Rcc2 33. Nh4 g5 34. Nf5+ Kg6 35. h4 Rxg2+ 0-1

[Event "GRE-chT 45th"]
[Site "Achaia"]
[Date "2017.07.05"]
[Round "4.12"]
[White "Zenelis, Konstantinos"]
[Black "Gazis, Efstathios"]
[Result "0-1"]
[WhiteElo "2031"]
[BlackElo "2228"]
[PlyCount "114"]
[EventDate "2017.07.03"]
[EventType "team-swiss"]
[EventRounds "7"]
[EventCountry "GRE"]
[SourceTitle "CBM 179 Extra"]
[Source "ChessBase"]
[SourceDate "2017.08.23"]
[SourceVersion "1"]
[SourceVersionDate "2017.08.23"]
[SourceQuality "1"]
[WhiteTeam "Papagou BC"]
[BlackTeam "Von Heraklion Attica"]
[WhiteTeamCountry "GRE"]
[BlackTeamCountry "GRE"]

1. e4 c5 2. Nc3 a6 3. g3 b5 4. Bg2 Bb7 5. d3 e6 6. Nh3 Nc6 7. 0-0 g6 8. Be3 Nd4 9. Ne2 Bg7 10. c3 Nxe2+ 11. Qxe2 Qc7 12. f4 Nf6 13. f5 e5 14. Bg5 Qb6 15. Rf2 h6 16. Bxf6 Bxf6 17. fxg6 fxg6 18. Raf1 Be7 19. Qg4 h5 20. Qf3 0-0-0 21. Qe3 h4 22. Ng5 hxg3 23. hxg3 Rh5 24. Nf7 Re8 25. Bf3 Rh7 26. Bg4 Qc7 27. Rh2 Rxh2 28. Kxh2 c4 29. d4 exd4 30. cxd4 Kb8 31. Ne5 d6 32. Nd7+ Ka8 33. d5 Bd8 34. Nf8 Qg7 35. Ne6 Qxb2+ 36. Rf2 Rh8+ 37. Kg2 Qa1 38. Bh3 Bc8 39. a3 Ba5 40. Rf7 Qb2+ 41. Kg1 Bb7 42. Bg2 Rc8 43. Bh3 Rh8 44. Bg2 Kb8 45. Nf8 Ka8 46. Nd7 c3 47. Nb6+ Bxb6 48. Qxb6 Rb8 49. Rxb7 Rxb7 50. Qxa6+ Kb8 51. Qxd6+ Ka7 52. Qc5+ Rb6 53. Qc7+ Ka6 54. Qd8 Ka5 55. Qa8+ Ra6 56. Qd8+ Ka4 57. Qc8 Ra5 0-1

[Event "GRE-chT 45th"]
[Site "Achaia"]
[Date "2017.07.04"]
[Round "2.8"]
[White "Zenelis, Konstantinos"]
[Black "Stankovic, Milos"]
[Result "0-1"]
[WhiteElo "2031"]
[BlackElo "2395"]
[PlyCount "84"]
[EventDate "2017.07.03"]
[EventType "team-swiss"]
[EventRounds "7"]
[EventCountry "GRE"]
[SourceTitle "CBM 179 Extra"]
[Source "ChessBase"]
[SourceDate "2017.08.23"]
[SourceVersion "1"]
[SourceVersionDate "2017.08.23"]
[SourceQuality "1"]
[WhiteTeam "Papagou BC"]
[BlackTeam "Irakleiou Attikis"]
[WhiteTeamCountry "GRE"]
[BlackTeamCountry "GRE"]

1. e4 c5 2. Nc3 d6 3. g3 Nc6 4. Bg2 g6 5. d3 Bg7 6. Be3 Rb8 7. Nge2 Nd4 8. 0-0 b5 9. a3 e6 10. Qd2 Ne7 11. f4 0-0 12. g4 f5 13. gxf5 exf5 14. Ng3 Be6 15. Kh1 a5 16. Rab1 Kh8 17. Nd5 Nxd5 18. exd5 Bf7 19. c3 Nb3 20. Qc2 a4 21. Bd2 Qd7 22. Ne2 Qb7 23. c4 Nxd2 24. Qxd2 bxc4 25. dxc4 Qb3 26. Rfc1 Rfe8 27. Qc2 Re3 28. Qxb3 Rexb3 29. Rc2 Bxb2 30. Nc1 R3b6 31. Na2 Bd4 32. Rxb6 Rxb6 33. Bf3 Rb3 34. Kg2 Rxa3 35. Nc1 Rc3 36. Rxc3 Bxc3 37. Bd1 Bd2 38. Nd3 Be8 39. Kf3 a3 40. Bb3 Ba4 41. Ba2 Bd1+ 42. Kf2 Kg7 0-1

[Event "GRE-chT 45th"]
[Site "Achaia"]
[Date "2017.07.03"]
[Round "1.17"]
[White "Papageorgiou, Ioannis2222"]
[Black "Zenelis, Konstantinos"]
[Result "0-1"]
[WhiteElo "1980"]
[BlackElo "2031"]
[PlyCount "102"]
[EventDate "2017.07.03"]
[EventType "team-swiss"]
[EventRounds "7"]
[EventCountry "GRE"]
[SourceTitle "CBM 179 Extra"]
[Source "ChessBase"]
[SourceDate "2017.08.23"]
[SourceVersion "1"]
[SourceVersionDate "2017.08.23"]
[SourceQuality "1"]
[WhiteTeam "Ioannina"]
[BlackTeam "Papagou BC"]
[WhiteTeamCountry "GRE"]
[BlackTeamCountry "GRE"]

1. e4 e6 2. d4 d5 3. Nc3 Bb4 4. exd5 exd5 5. Bd3 Nc6 6. Nge2 Bg4 7. Be3 Nge7 8. h3 Bh5 9. Qd2 Qd7 10. a3 Bxc3 11. Qxc3 0-0 12. g4 Bg6 13. 0-0-0 Bxd3 14. Qxd3 Na5 15. b3 b6 16. f4 f5 17. Rdg1 Nb7 18. Ng3 Nd6 19. Nf1 a5 20. Nd2 a4 21. b4 Qb5 22. Nf3 Qc4 23. Kb2 Qc6 24. Ne5 Nc4+ 25. Qxc4 Qxc4 26. Nxc4 dxc4 27. c3 Nd5 28. Bd2 Rae8 29. gxf5 Rxf5 30. Rg5 Ref8 31. Rhg1 g6 32. Rxf5 Rxf5 33. Rf1 Kf7 34. h4 Kf6 35. Kc2 Rh5 36. Rh1 Kf5 37. Re1 Kg4 38. Re5 Kxh4 39. Re6 Kg4 40. Rc6 Rh2 41. Kc1 Kf5 42. Rxc4 Ke4 43. Rc6 Kd3 44. c4 Ne7 45. Rxc7 Nf5 46. c5 b5 47. d5 Rxd2 48. d6 Kc3 49. Rxh7 Rd3 50. Rh1 Nd4 51. Rf1 Nb3+ 0-1

[Event "GRE-chT 44th"]
[Site "Achaia"]
[Date "2016.07.08"]
[Round "5.6"]
[White "Skembris, Spyridon"]
[Black "Zenelis, Konstantinos"]
[Result "1-0"]
[WhiteElo "2405"]
[BlackElo "2071"]
[PlyCount "105"]
[EventDate "2016.07.05"]
[EventType "team-swiss"]
[EventRounds "7"]
[EventCountry "GRE"]
[SourceTitle "CBM 173 Extra"]
[Source "ChessBase"]
[SourceDate "2016.08.29"]
[SourceVersion "1"]
[SourceVersionDate "2016.08.29"]
[SourceQuality "1"]
[WhiteTeam "Corinth Argonaftis"]
[BlackTeam "Papagou DP"]
[WhiteTeamCountry "GRE"]
[BlackTeamCountry "GRE"]

1. c4 e5 2. g3 Nc6 3. Bg2 g6 4. Nc3 Bg7 5. Rb1 a5 6. a3 d6 7. b4 axb4 8. axb4 Nf6 9. d3 0-0 10. b5 Ne7 11. Nf3 Nd7 12. 0-0 h6 13. Bb2 f5 14. Nd2 Nc5 15. Nb3 Na4 16. Nxa4 Rxa4 17. Qc2 c6 18. bxc6 bxc6 19. Ra1 Rxa1 20. Rxa1 f4 21. Nd2 Bg4 22. Nf3 fxg3 23. hxg3 Qb6 24. c5 Qxc5 25. Qxc5 dxc5 26. Ra7 Rf7 27. Nxe5 Bxe5 28. Bxe5 Bxe2 29. Bd6 Nf5 30. Ra8+ Kh7 31. Be5 Ng7 32. Rd8 c4 33. d4 c3 34. Rc8 Bb5 35. Be4 Ba4 36. Bxc6 Bxc6 37. Rxc6 Rd7 38. Rxc3 Nf5 39. Rc4 g5 40. Kf1 h5 41. Ke2 g4 42. Kd3 h4 43. gxh4 Nxh4 44. Ke4 Ng6 45. Bg3 Kh6 46. d5 Kg5 47. d6 Kf6 48. Kd5 Ne7+ 49. Kc5 Nf5 50. Kc6 Rg7 51. Re4 Rg8 52. d7 Ne7+ 53. Kd6 1-0

[Event "GRE-chT 43rd"]
[Site "Porto Rio"]
[Date "2015.10.11"]
[Round "6.13"]
[White "Zenelis, Konstantinos"]
[Black "Kyriakidis, Eleftherios"]
[Result "1-0"]
[WhiteElo "2102"]
[BlackElo "1370"]
[PlyCount "73"]
[EventDate "2015.10.08"]
[EventType "team-swiss"]
[EventRounds "7"]
[EventCountry "GRE"]
[SourceTitle "CBM 168 Extra"]
[Source "ChessBase"]
[SourceDate "2015.10.29"]
[SourceVersion "1"]
[SourceVersionDate "2015.10.29"]
[SourceQuality "1"]
[WhiteTeam "Papagou"]
[BlackTeam "Kalamarias Han"]
[WhiteTeamCountry "GRE"]
[BlackTeamCountry "GRE"]

1. e4 c5 2. Nc3 Nc6 3. g3 g6 4. Bg2 Bg7 5. d3 e6 6. Be3 d6 7. Qd2 Nge7 8. Bh6 0-0 9. h4 d5 10. h5 Bxc3 11. bxc3 Re8 12. Bg5 Qc7 13. Bf6 dxe4 14. dxe4 Nd5 15. exd5 exd5+ 16. Kf1 Qd6 17. Bg5 Be6 18. Nf3 Na5 19. hxg6 fxg6 20. Bf4 Qa6+ 21. Kg1 Nc4 22. Qd3 Rad8 23. Ng5 Bf5 24. Bxd5+ Kf8 25. Qxc4 Qxc4 26. Bxc4 h5 27. Kg2 a6 28. Rad1 b5 29. Rxd8 Rxd8 30. Ne6+ Bxe6 31. Bxe6 Re8 32. Re1 Kg7 33. Bg5 Rb8 34. Rd1 Rb6 35. Rd7+ Kf8 36. Bd5 Ke8 37. Rd8# 1-0

[Event "GRE-chT 42nd"]
[Site "Porto Rio"]
[Date "2014.07.01"]
[Round "5.4"]
[White "Kanellopoulos, Georgios"]
[Black "Zenelis, Konstantinos"]
[Result "1/2-1/2"]
[WhiteElo "2094"]
[BlackElo "2107"]
[PlyCount "147"]
[EventDate "2014.06.28"]
[EventType "team-swiss"]
[EventRounds "7"]
[EventCountry "GRE"]
[SourceTitle "EXT 2015"]
[Source "ChessBase"]
[SourceDate "2014.11.20"]
[SourceVersion "1"]
[SourceVersionDate "2014.11.20"]
[SourceQuality "1"]
[WhiteTeam "Patron CN"]
[BlackTeam "Papagou DP"]
[WhiteTeamCountry "GRE"]
[BlackTeamCountry "GRE"]

1. c4 e5 2. g3 Nc6 3. Bg2 g6 4. Nc3 Bg7 5. Nf3 d6 6. 0-0 Nf6 7. d4 exd4 8. Nxd4 Nxd4 9. Qxd4 0-0 10. Qh4 Ng4 11. Qxd8 Rxd8 12. Bd2 Be6 13. Nd5 Rd7 14. h3 Ne5 15. b3 c6 16. Nc3 f5 17. Rac1 h6 18. Rfd1 g5 19. Be3 Ng6 20. Bd4 Be5 21. Bxe5 dxe5 22. Rxd7 Bxd7 23. Na4 Re8 24. Bf3 Nf8 25. Nc5 Bc8 26. Rd1 Ne6 27. Nxe6 Bxe6 28. Rd6 Kg7 29. e4 f4 30. Kg2 Re7 31. Bh5 Kf6 32. Bg4 Kf7 33. Bf5 h5 34. g4 hxg4 35. hxg4 Kf6 36. f3 Kf7 37. Kf2 Kf6 38. Ke2 Kf7 39. Kd3 Kf6 40. Kc3 Kf7 41. Kb4 Bxf5 42. gxf5 Kf8 43. Rh6 Rg7 44. Rf6+ Kg8 45. Kc3 g4 46. fxg4 Rxg4 47. Kd2 Rg2+ 48. Ke1 Rxa2 49. Re6 Rb2 50. Rxe5 Kf7 51. Re6 Rxb3 52. Kf2 Re3 53. e5 a5 54. c5 a4 55. Rf6+ Kg7 56. Rg6+ Kh7 57. Re6 a3 58. Re7+ Kh6 59. Rxb7 Rxe5 60. Ra7 Rxf5 61. Kf3 Kg5 62. Rg7+ Kf6 63. Ra7 Rxc5 64. Kxf4 Rc4+ 65. Ke3 Rh4 66. Kd3 Ke5 67. Ra5+ Kd6 68. Kc3 Rh3+ 69. Kc2 c5 70. Ra8 Kd5 71. Ra4 c4 72. Ra8 Rh2+ 73. Kc3 a2 74. Ra5+ 1/2-1/2

[Event "GRE-chT 39th"]
[Site "Eretria"]
[Date "2011.07.04"]
[Round "2.13"]
[White "Naiditsch, Arkadij"]
[Black "Zenelis, Konstantinos"]
[Result "1-0"]
[WhiteElo "2706"]
[BlackElo "2179"]
[PlyCount "121"]
[EventDate "2011.07.03"]
[EventType "team-swiss"]
[EventRounds "7"]
[EventCountry "GRE"]
[SourceTitle "CBM 143 Extra"]
[Source "ChessBase"]
[SourceDate "2011.08.29"]
[SourceVersion "1"]
[SourceVersionDate "2011.08.29"]
[SourceQuality "1"]
[WhiteTeam "Chalkidos Palamidis"]
[BlackTeam "Papagou"]
[WhiteTeamCountry "GRE"]
[BlackTeamCountry "GRE"]

1. c4 e5 2. Nc3 Nc6 3. g3 g6 4. Bg2 Bg7 5. Rb1 a5 6. a3 Nf6 7. Nf3 d6 8. 0-0 0-0 9. d3 Nd4 10. Nd2 c6 11. b4 axb4 12. axb4 Bd7 13. e3 Ne6 14. Bb2 Qc7 15. Qb3 Rfd8 16. Rfc1 Qb8 17. Ra1 Rxa1 18. Rxa1 Be8 19. Ra5 Nd7 20. f4 Qc7 21. Nf1 Ndc5 22. Qc2 Na6 23. Ra4 Qb6 24. fxe5 Nxb4 25. Qb3 c5 26. Ra3 dxe5 27. Nd5 Nxd5 28. Bxd5 Qxb3 29. Rxb3 Bc6 30. Bxc6 bxc6 31. Nd2 f5 32. Bc1 e4 33. dxe4 fxe4 34. Kf2 Ng5 35. Ke2 Re8 36. Rb6 Re6 37. Ba3 Bf8 38. Nb3 Nf3 39. Bxc5 Ne5 40. Rb8 Rf6 41. Bd4 Rf5 42. Nd2 c5 43. Bc3 Rh5 44. h4 Kf7 45. Nxe4 Nxc4 46. Rb7+ Ke6 47. Ng5+ Kd5 48. e4+ Kc6 49. Ra7 h6 50. Nf3 g5 51. g4 Rxh4 52. Nxh4 gxh4 53. Rh7 h3 54. Kf3 h2 55. Kg2 Bd6 56. Rxh6 Kd7 57. g5 Ne3+ 58. Kf3 Nf1 59. e5 Bf8 60. Rh7+ Ke6 61. Kf2 1-0

[Event "Athens Smaok op 11th"]
[Site "Athens"]
[Date "2011.06.07"]
[Round "5"]
[White "Zenelis, Konstantinos"]
[Black "Hristodoulou, Georgios"]
[Result "1-0"]
[WhiteElo "2190"]
[BlackElo "1936"]
[PlyCount "67"]
[EventDate "2011.05.10"]
[EventType "swiss"]
[EventRounds "7"]
[EventCountry "GRE"]
[SourceTitle "EXT 2024"]
[Source "ChessBase"]
[SourceDate "2023.10.10"]
[SourceVersion "1"]
[SourceVersionDate "2023.10.10"]
[SourceQuality "1"]

1. e4 d6 2. d4 Nf6 3. Nc3 c6 4. f4 Qa5 5. e5 Ne4 6. Qf3 Nxc3 7. Bd2 Qd5 8. bxc3 Qxf3 9. Nxf3 Bf5 10. Bd3 Bxd3 11. cxd3 e6 12. Ke2 Nd7 13. Rhb1 Rb8 14. Rb2 d5 15. Rab1 b6 16. c4 dxc4 17. dxc4 f6 18. f5 Kf7 19. fxe6+ Kxe6 20. d5+ Ke7 21. e6 Nc5 22. Nd4 Rb7 23. Nxc6+ Ke8 24. Bf4 g5 25. Bg3 Ne4 26. Rc2 Nxg3+ 27. hxg3 Bc5 28. Rf1 Rf8 29. g4 h5 30. gxh5 Rh7 31. g4 f5 32. gxf5 Be7 33. d6 Bxd6 34. f6 1-0

[Event "Athens Smaok op 11th"]
[Site "Athens"]
[Date "2011.05.10"]
[Round "1"]
[White "Zenelis, Konstantinos"]
[Black "Nikolaidis, Marios Andreas"]
[Result "1-0"]
[WhiteElo "2190"]
[BlackElo "1998"]
[PlyCount "72"]
[EventDate "2011.05.10"]
[EventType "swiss"]
[EventRounds "7"]
[EventCountry "GRE"]
[SourceTitle "EXT 2024"]
[Source "ChessBase"]
[SourceDate "2023.10.10"]
[SourceVersion "1"]
[SourceVersionDate "2023.10.10"]
[SourceQuality "1"]

1. e4 c5 2. Nc3 Nc6 3. g3 g6 4. Bg2 Bg7 5. d3 d6 6. Be3 Nf6 7. h3 e5 8. Qd2 Nd4 9. Nge2 Rb8 10. g4 h5 11. g5 Nd7 12. 0-0 0-0 13. Nd5 Nb6 14. Nxb6 Qxb6 15. c3 Nxe2+ 16. Qxe2 Be6 17. f4 exf4 18. Bxf4 Rfd8 19. Rf2 Qc7 20. Qd2 b5 21. Kh1 b4 22. c4 a5 23. Rd1 Qd7 24. Rf3 Qa4 25. b3 Qd7 26. Be3 Bc3 27. Qf2 Qe7 28. Qg3 a4 29. d4 cxd4 30. Bxd4 axb3 31. axb3 Bxd4 32. Rxd4 Rd7 33. Rfd3 Rb6 34. c5 dxc5 35. Rxd7 Bxd7 36. Qc7 Ra6 1-0

[Event "Athens op"]
[Site "Athens"]
[Date "2010.11.02"]
[Round "7"]
[White "Zenelis, Konstantinos"]
[Black "Delithanasis, Dimitrios"]
[Result "0-1"]
[WhiteElo "2161"]
[BlackElo "2259"]
[PlyCount "82"]
[EventDate "2010.09.21"]
[EventType "swiss"]
[EventRounds "7"]
[EventCountry "GRE"]
[SourceTitle "EXT 2012"]
[Source "ChessBase"]
[SourceDate "2011.11.24"]
[SourceVersion "1"]
[SourceVersionDate "2011.11.24"]
[SourceQuality "1"]

1. e4 e5 2. Nf3 Nc6 3. Bb5 g6 4. d4 exd4 5. Bg5 Bb4+ 6. Nbd2 Be7 7. Bxe7 Ngxe7 8. Nb3 0-0 9. Nbxd4 d5 10. exd5 Qxd5 11. Nxc6 bxc6 12. Qxd5 cxd5 13. 0-0-0 Rb8 14. Rhe1 Be6 15. Nd4 Rb6 16. Bd7 Bxd7 17. Rxe7 Rd8 18. Rde1 Kf8 19. h4 h6 20. f4 Rb4 21. c3 Rc4 22. g3 a5 23. Kd2 a4 24. b3 axb3 25. axb3 Rc5 26. b4 Rc4 27. Nf3 Be6 28. R7xe6 fxe6 29. Rxe6 Rd6 30. Re1 Ra6 31. Ne5 Re4 32. Rxe4 dxe4 33. c4 Ra3 34. g4 Kg7 35. b5 Kf6 36. c5 g5 37. hxg5+ hxg5 38. Nc4 Rd3+ 39. Kc2 gxf4 40. Nd6 cxd6 41. c6 Rd5 0-1

[Event "Athens op"]
[Site "Athens"]
[Date "2010.10.12"]
[Round "4"]
[White "Zenelis, Konstantinos"]
[Black "Koutoukidis, Panagiotis"]
[Result "1-0"]
[WhiteElo "2161"]
[BlackElo "1918"]
[PlyCount "47"]
[EventDate "2010.09.21"]
[EventType "swiss"]
[EventRounds "7"]
[EventCountry "GRE"]
[SourceTitle "EXT 2012"]
[Source "ChessBase"]
[SourceDate "2011.11.24"]
[SourceVersion "1"]
[SourceVersionDate "2011.11.24"]
[SourceQuality "1"]

1. e4 c6 2. d4 d5 3. e5 Bf5 4. c4 e6 5. Nc3 dxc4 6. Bxc4 Nd7 7. a3 Ne7 8. Nge2 Nb6 9. Bb3 Ned5 10. Ng3 Bg6 11. Nce4 Be7 12. 0-0 h5 13. f4 Bxe4 14. Nxe4 g6 15. Qf3 Qd7 16. Bd2 Nc8 17. Rfd1 Bd8 18. Nc5 Qc7 19. Bxd5 cxd5 20. Rac1 Qb8 21. Qd3 a6 22. Nxe6 fxe6 23. Qxg6+ Kf8 24. Bb4+ 1-0

[Event "GRE-chT Div-A 38th"]
[Site "Peristeri"]
[Date "2010.07.05"]
[Round "1"]
[White "Kourousis, Epaminondas"]
[Black "Zenelis, Konstantinos"]
[Result "1-0"]
[WhiteElo "2229"]
[BlackElo "2179"]
[PlyCount "107"]
[EventDate "2010.07.05"]
[EventType "team-swiss"]
[EventRounds "7"]
[EventCountry "GRE"]
[SourceTitle "CBM 137 Extra"]
[Source "ChessBase"]
[SourceDate "2010.09.01"]
[SourceVersion "1"]
[SourceVersionDate "2010.09.01"]
[SourceQuality "1"]

1. d4 d5 2. c4 c6 3. Nf3 Nf6 4. Nc3 dxc4 5. a4 Bf5 6. Nh4 Bg6 7. Nxg6 hxg6 8. e4 e6 9. Bxc4 Bb4 10. Qd3 Nbd7 11. 0-0 Qa5 12. e5 Nd5 13. Ne4 0-0-0 14. Ng5 Rdf8 15. Rd1 Qd8 16. a5 Bxa5 17. Ne4 Kb8 18. Nd6 Bb6 19. g3 f6 20. Qxg6 Bxd4 21. Nf7 Qb6 22. Bxd5 Nxe5 23. Nxe5 fxe5 24. Rxd4 Qxd4 25. Be3 Qxd5 26. Bxa7+ Kc8 27. Bb6 Kb8 28. Qxg7 Qd6 29. Bc7+ Qxc7 30. Ra8+ Kxa8 31. Qxc7 Rf5 32. h4 Rhf8 33. Qb6 e4 34. Qd4 Rf3 35. Qa4+ Kb8 36. Qxe4 Rxf2 37. Qxe6 R2f6 38. Qe5+ Ka7 39. Qe3+ b6 40. Kg2 c5 41. h5 Ka6 42. g4 c4 43. g5 Rf5 44. Kg3 b5 45. g6 Rxh5 46. Qa3+ Kb6 47. Qxf8 Rg5+ 48. Kf4 Rxg6 49. Ke4 Rg2 50. Qf3 Rc2 51. Qe3+ Kc6 52. Kd4 Rh2 53. Qe6+ Kb7 54. Qe7+ 1-0